Normal view
MARC view
- N.Casson, Herbert
Entry Personal Name
001 - CONTROL NUMBER
- control field: 110223
003 - CONTROL NUMBER IDENTIFIER
- control field: NUST
005 - DATE AND TIME OF LATEST TRANSACTION
- control field: 20230314100641.0
008 - FIXED-LENGTH DATA ELEMENTS
- fixed length control field: 230314|| aca||aabn | a|a d
040 ## - CATALOGING SOURCE
- Original cataloging agency: NUST
- Transcribing agency: NUST
100 ## - HEADING--PERSONAL NAME
- Personal name: N.Casson, Herbert
670 ## - SOURCE DATA FOUND
- Source citation: Work cat.: (NUST)193918: N.Casson, Herbert, Selling More Life Insurance /, 1906
